[Event "Leeuwarden op"]
[Site "Leeuwarden"]
[Date "1993.??.??"]
[Round "3"]
[White "Van der Wiel, John TH"]
[Black "Reinderman, Dimitri"]
[Result "1/2-1/2"]
[WhiteElo "2565"]
[BlackElo "2435"]

1.e4 c5 2.Nf3 Nc6 3.Bb5 g6 4.O-O Bg7 5.Re1 e5 6.b4 cxb4 7.a3 Nge7 8.axb4 Nxb4
9.Ba3 Nbc6 10.Bd6 O-O 11.Nc3 a6 12.Bc4 b6 13.Nd5 Bb7 14.Nxe7+ Nxe7 15.Nxe5 Bxe5
16.Bxe5 d5 17.exd5 Nxd5 18.Qg4 b5 19.Bb3 a5 20.Bb2 a4 21.Qd4 f6 22.Ba2 Kh8
23.Ba3 Rf7 24.Rab1 Rd7 25.Rxb5 Nc7 26.Rxb7 Rxd4 27.Be7 Qxe7 28.Rxe7 Rxd2
29.h4 Rxc2 30.Rbxc7 Rxa2 31.Rxh7+ Kg8 32.Rcg7+ Kf8 33.Rxg6 Ra6 34.h5 a3 35.h6 Ra1+
36.Kh2 a2 37.Rgg7 Rh1+ 38.Kxh1 a1=Q+ 39.Kh2 Qe5+ 40.g3 Qh5+ 41.Kg2 Qd5+  1/2-1/2

[Event "Lippstadt"]
[Site "Lippstadt"]
[Date "1993.??.??"]
[Round "?"]
[White "Mainka, Romuald"]
[Black "Brenke, Andreas"]
[Result "1-0"]
[WhiteElo "2515"]
[BlackElo "2285"]

1.e4 c5 2.Nf3 Nc6 3.Bb5 g6 4.Bxc6 dxc6 5.h3 e5 6.d3 Bg7 7.Be3 Qe7 8.Nbd2 Nf6
9.Nc4 Nd7 10.Qd2 Nb6 11.Na5 O-O 12.O-O Re8 13.a3 f6 14.b4 cxb4 15.axb4 Be6
16.Rfb1 Nc8 17.c4 Nd6 18.b5 cxb5 19.c5 Nc8 20.d4 exd4 21.Nxd4 Bc4 22.Nxb5 Bxb5
23.Rxb5 Qxe4 24.Rxb7 Ne7 25.Qa2+ Kh8 26.Qf7 f5 27.Re1  1-0

[Event "Lisboa zt"]
[Site "Lisboa"]
[Date "1993.??.??"]
[Round "5"]
[White "Damaso, Rui"]
[Black "Ochoa de Echaguen, F Javier"]
[Result "1/2-1/2"]
[WhiteElo "2435"]
[BlackElo "2415"]

1.e4 c5 2.Nf3 Nc6 3.Bb5 g6 4.O-O Bg7 5.Re1 Nf6 6.e5 Nd5 7.Nc3 Nc7 8.a4 O-O
9.Ne4 Nxe5 10.Nxe5 Bxe5 11.Nxc5 Bg7  1/2-1/2

[Event "Lisboa-ch"]
[Site "Lisboa"]
[Date "1993.??.??"]
[Round "9"]
[White "Damaso, Rui"]
[Black "Pereira, Alvaro"]
[Result "1-0"]
[WhiteElo "2425"]
[BlackElo "2295"]

1.Nf3 c5 2.e4 Nc6 3.Bb5 g6 4.O-O Bg7 5.Re1 Nf6 6.e5 Nd5 7.Nc3 Nc7 8.Bxc6 dxc6
9.Ne4 Ne6 10.a4 a5 11.d3 b6 12.Be3 O-O 13.Qd2 Nd4 14.Nxd4 cxd4 15.Bh6 Bb7
16.Re2 c5 17.Rae1 Qd7 18.e6 Qxe6 19.Nxc5 Qc6 20.Nxb7 Qxb7 21.Rxe7 Qc6 22.Bxg7 Kxg7
23.Qf4 Rad8 24.h4 h5 25.Rc7 Qd6 26.Qxd6 Rxd6 27.Ree7 Kf6 28.Kf1 Re6 29.Rxe6+ fxe6
30.Ke2 Ke5 31.g3 Rb8 32.f4+ Kf5 33.Kf3 e5 34.fxe5 Kxe5 35.Rc6 Kf5 36.Rd6 Rc8
37.Rxb6 Rxc2 38.Rb5+ Ke6 39.b3 Rb2 40.Ke4 Rg2 41.Rg5 Kf6 42.Kxd4 Rb2 43.Kc4 Rc2+
44.Kd4 Rg2 45.Kc3 Rg1 46.d4 Rc1+ 47.Kd2 Rb1 48.Kc2 Rg1 49.Kc3 Rc1+ 50.Kd3 Rd1+
51.Kc4 Rc1+ 52.Kb5 Rb1 53.Kxa5 Rxb3 54.Ka6 Rb4 55.a5 Rxd4 56.Kb6 Rd6+ 57.Kc7 Rd3
58.a6 Ra3 59.Kb6 Ke7 60.a7 Kd7 61.Ra5  1-0

[Event "Lisboa zt"]
[Site "Lisboa"]
[Date "1993.??.??"]
[Round "10"]
[White "Fernandes, Antonio"]
[Black "Garcia, Raul"]
[Result "1-0"]
[WhiteElo "2455"]
[BlackElo "2300"]

1.e4 c5 2.Nf3 Nc6 3.Bb5 g6 4.O-O Bg7 5.c3 Nf6 6.Qe2 O-O 7.Rd1 Ne8 8.h3 Nc7
9.Bxc6 dxc6 10.d4 cxd4 11.cxd4 b6 12.Nc3 Ba6 13.Qc2 Qc8 14.Bg5 Re8 15.Rd2 h6
16.Bh4 Ne6 17.Re1 Nf4 18.Bg3 Nh5 19.Bh2 g5 20.e5 g4 21.hxg4 Qxg4 22.Re4 Qg6
23.Rh4 Bf8 24.Qxg6+ fxg6 25.g4 Ng7 26.Rxh6 Ne6 27.Rxg6+ Kf7 28.Nh4 Bg7 29.d5 cxd5
30.Nxd5 Rac8 31.f4 Rh8 32.Rxe6 Kxe6 33.f5+ Kf7 34.e6+  1-0

[Event "Ljubljana op"]
[Site "Ljubljana"]
[Date "1993.??.??"]
[Round "?"]
[White "Basagic, Zlatko"]
[Black "Jelen, Igor"]
[Result "1-0"]
[WhiteElo "2415"]
[BlackElo "2325"]

1.e4 c5 2.Nf3 Nc6 3.Bb5 g6 4.O-O Bg7 5.Re1 Nf6 6.e5 Nd5 7.Nc3 Nc7 8.Bxc6 dxc6
9.Ne4 Ne6 10.d3 O-O 11.Be3 b6 12.Qc1 Nd4 13.Nxd4 cxd4 14.Bh6 c5 15.Qf4 Bf5
16.Ng3 Qd7 17.h4 Rac8 18.b3 b5 19.Bxg7 Kxg7 20.a4 b4 21.h5 Rc6 22.f3 Be6
23.Kf2 h6 24.hxg6 fxg6 25.Qd2 Rh8 26.Rh1 g5 27.f4 Rf8 28.Kg1 gxf4 29.Nh5+ Kf7
30.Qxf4+ Bf5 31.Rf1 Ke8 32.Ng7+ Kd8 33.e6  1-0

[Event "Ljubljana op"]
[Site "Ljubljana"]
[Date "1993.??.??"]
[Round "?"]
[White "Kragelj, Igor"]
[Black "Zugaj, Fjodor"]
[Result "1/2-1/2"]
[WhiteElo "2305"]
[BlackElo "2205"]

1.e4 c5 2.Nf3 Nc6 3.Bb5 g6 4.O-O Bg7 5.c3 Nf6 6.Re1 O-O 7.d4 d5 8.exd5 Qxd5
9.c4 Qd6 10.dxc5 Qxd1 11.Rxd1 Ne4 12.Kf1 Bg4 13.h3 Rfd8 14.Rxd8+ Rxd8 15.Nbd2 Nxd2+
16.Nxd2 Bd1 17.Ke1 Bc2 18.Bxc6 bxc6 19.Nb3 Rd1+ 20.Ke2 Rg1 21.Be3 Rxa1 22.Nxa1 Bf5
23.Bc1 Be6 24.Kd3 Bf5+ 25.Ke2 Be6  1/2-1/2

[Event "Ljubljana op"]
[Site "Ljubljana"]
[Date "1993.??.??"]
[Round "?"]
[White "Zorman, Vojko"]
[Black "Kozul, Zdenko"]
[Result "0-1"]
[WhiteElo "2325"]
[BlackElo "2595"]

1.e4 c5 2.Nf3 Nc6 3.Bb5 Na5 4.Be2 e6 5.O-O Nf6 6.e5 Nd5 7.c3 a6 8.d4 cxd4
9.c4 Ne7 10.Qxd4 Ng6 11.Bd3 Qc7 12.Re1 Nc6 13.Qe3 Nb4 14.Nc3 Bc5 15.Qe2 Nxd3
16.Qxd3 O-O 17.h4 d6 18.exd6 Bxd6 19.Ne4 Be7 20.Neg5 Rd8 21.Qe4 h6 22.h5 Nf8
23.Nh3 Bd7 24.Ne5 Be8 25.Bf4 Qc8 26.Qe3 f6 27.Ng6 Bxg6 28.hxg6 e5 29.Bxh6 gxh6
30.Qxh6 Qg4 31.Re3 Bc5 32.Rf3 Qxg6 33.Qh4 Rd4 34.Qxf6 Qxf6 35.Rxf6 Rxc4 36.Rd1 Rg4
37.Rd5 Bd4 38.b3 Nh7 39.Rfd6 Rf8 40.Rd7 Nf6  0-1

[Event "London Lloyds"]
[Site "London"]
[Date "1993.??.??"]
[Round "10"]
[White "Gavriel, Tryfon"]
[Black "Houska, Miroslav"]
[Result "0-1"]
[WhiteElo "2190"]
[BlackElo "2300"]

1.e4 c5 2.Nf3 Nc6 3.Bb5 g6 4.O-O Bg7 5.c3 e5 6.Na3 Nge7 7.Nc4 d6 8.d4 cxd4
9.cxd4 exd4 10.Nxd4 O-O 11.Nc2 d5 12.exd5 Nxd5 13.N4e3 Nxe3 14.Nxe3 Nd4 15.Bc4 Qh4
16.Bd2 Bd7 17.Bd5 Ba4 18.Qg4 Qxg4 19.Nxg4 Ne2+ 20.Kh1 Rad8 21.Rfe1 Rxd5 22.Rxe2 Bb5
23.Rae1 Bxe2 24.Rxe2 Bxb2 25.g3 Bg7 26.Bh6 Rd4 27.Bxg7 Kxg7 28.Ne3 Rfd8 29.Nf1 b5
30.Kg2 a5 31.h3 b4 32.g4 a4 33.g5 b3 34.axb3 axb3 35.Rb2 Rb8 36.Ne3 Ra4 37.Kg3 Ra2
38.Rb1 b2 39.Nc4 Rb4  0-1

[Event "Lublin"]
[Site "Lublin"]
[Date "1993.??.??"]
[Round "?"]
[White "Zolnierowicz, Krzysztof"]
[Black "Rausis, Igors"]
[Result "1/2-1/2"]
[WhiteElo "2355"]
[BlackElo "2560"]

1.e4 c5 2.Nf3 Nc6 3.Bb5 g6 4.O-O Bg7 5.Re1 e5 6.c3 Nge7 7.d3 O-O 8.Be3 d6
9.h3 h6 10.d4 exd4 11.cxd4 d5 12.Bxc6 Nxc6 13.exd5 Nxd4 14.Nxd4 cxd4 15.Bxd4 Qxd5
16.Bxg7 Qxd1 17.Rxd1 Kxg7 18.Nc3 Be6 19.Rd4 Rac8 20.Rad1 Rc6 21.f3 Rfc8 22.R1d2 Rc5
23.Kf2 Kf8 24.a3 Ke7 25.h4 Rc4 26.Ke3 R8c5 27.Rxc4 Rxc4 28.Rd4 Rc5 29.g3 a5
30.Rd2 f6 31.f4 h5 32.Rd4 b6 33.Kd2 Bb3 34.Ke3 b5 35.Kf3 Ke6 36.Rd2 Bc4 37.Rd4 b4
38.axb4 axb4 39.Ne4 Rc6 40.b3 Bxb3 41.Rxb4 Bd5 42.Ke3 Bxe4 43.Kxe4 Rc3 44.Rb6+ Kf7
45.Rb7+ Kg8 46.f5 Rxg3 47.fxg6 Rxg6 48.Kf5 Rg7 49.Rb6 Kh7 50.Rxf6 Rg4 51.Ra6 Kg7
52.Rb6  1/2-1/2

[Event "Lublin-B"]
[Site "Lublin"]
[Date "1993.??.??"]
[Round "1"]
[White "Bierenbroodspot, Paul"]
[Black "Pyda, Zbigniew"]
[Result "0-1"]
[WhiteElo "2280"]
[BlackElo "2290"]

1.e4 c5 2.Nf3 Nc6 3.Bb5 g6 4.O-O Bg7 5.Re1 e5 6.Bxc6 dxc6 7.d3 Qe7 8.Bg5 f6
9.Bd2 Nh6 10.Bc3 b5 11.b3 O-O 12.Nbd2 Nf7 13.Qe2 Nd8 14.Nf1 Ne6 15.Ng3 Bh6
16.Qf1 a5 17.a4 Nd4 18.Nxd4 cxd4 19.Bb2 Bd7 20.Ba3 c5 21.axb5 Bxb5 22.Reb1 Rfc8
23.Bc1 Bg7 24.Qd1 a4 25.c4 dxc3 26.bxa4 Ba6 27.Qb3+ c4 28.dxc4 Bxc4 29.Qxc3 Ba2
30.Qxc8+ Rxc8 31.Rxa2 Qd7 32.Bd2 Bf8 33.a5 Qd3 34.Rba1 Bc5 35.a6 Bd4 36.a7 Ra8
37.Rf1 Rxa7 38.Rxa7 Bxa7 39.Bh6 Qc2 40.h3 Qd3 41.Rc1  0-1

[Event "Lublin-B"]
[Site "Lublin"]
[Date "1993.??.??"]
[Round "4"]
[White "Bierenbroodspot, Paul"]
[Black "Kluss, Kai"]
[Result "1-0"]
[WhiteElo "2280"]
[BlackElo "2235"]

1.e4 c5 2.Nf3 Nc6 3.Bb5 d6 4.d4 cxd4 5.Qxd4 Bd7 6.Bxc6 Bxc6 7.Nc3 e6 8.Bg5 Nf6
9.O-O-O Be7 10.Rhe1 O-O 11.e5 dxe5 12.Qh4 Qc7 13.Nxe5 h6 14.Bxh6 Ne4 15.Qh5 gxh6
16.Nxe4 Bxe4 17.Rxe4 Rac8 18.c3 Bg5+ 19.f4 Bf6 20.Rc4 Qb8 21.Nd7 Rxc4 22.Nxb8 Rxb8
23.Rd7 Rf8 24.Qxh6 Bg7 25.Qg5 b5 26.g3 b4 27.Rd8 Rxd8 28.Qxd8+ Bf8 29.Qd3 Rc6
30.g4 bxc3 31.bxc3 Ba3+ 32.Kc2 Rb6 33.Qd8+ Kg7 34.h4 Rb2+ 35.Kd3 Rxa2 36.g5 Bc1
37.Qf6+ Kg8 38.g6 Rd2+ 39.Kc4 fxg6 40.Qxg6+ Kh8 41.Qh6+ Kg8 42.Qxe6+ Kh7
43.Qe1  1-0

[Event "Wch Team"]
[Site "Luzern"]
[Date "1993.??.??"]
[Round "4"]
[White "Nadyrhanov, S."]
[Black "Frolov, Artur"]
[Result "1/2-1/2"]
[WhiteElo "2460"]
[BlackElo "2535"]

1.e4 c5 2.Nf3 Nc6 3.Bb5 e6 4.O-O Nge7 5.b3 a6 6.Bxc6 Nxc6 7.Bb2 d6 8.d4 cxd4
9.Nxd4 Bd7 10.Re1 Qc7 11.c4 Ne5 12.f4 Nc6 13.Nc3 Nxd4 14.Qxd4 Qc5 15.Qxc5 dxc5
16.Na4 Bxa4 17.bxa4 O-O-O 18.Rad1 f6 19.f5 exf5 20.exf5 Rxd1 21.Rxd1 Be7
22.a5 Kc7 23.Kf2 Bd6 24.Bc3 Kc6 25.Re1 h5 26.Re4 h4 27.h3 Rh5 28.Ke2 Rxf5
29.Rxh4 Be5 30.Bxe5  1/2-1/2

[Event "Wch Team"]
[Site "Luzern"]
[Date "1993.??.??"]
[Round "8"]
[White "Minasian, Artashes"]
[Black "Vyzmanavin, Alexey"]
[Result "1-0"]
[WhiteElo "2535"]
[BlackElo "2605"]

1.e4 c5 2.Nf3 Nc6 3.Bb5 g6 4.O-O Bg7 5.c3 Nf6 6.d4 cxd4 7.cxd4 Nxe4 8.d5 Nd6
9.Ba4 b5 10.Bc2 Nb4 11.Bb3 O-O 12.Nc3 Na6 13.Bf4 Nc5 14.Be5 Bxe5 15.Nxe5 f6
16.Nd3 Nxb3 17.axb3 Qb6 18.b4 Nf5 19.Re1 Re8 20.Ra5 d6 21.Rxb5 Qc7 22.Ra5 Bd7
23.Qd2 Qb6 24.Re4 Nd4 25.Qe3 Nc2 26.Qxb6 axb6 27.Rxa8 Rxa8 28.g4 Kf7 29.h3 f5
30.Rc4 Ke8 31.b5 Ra5 32.g5 Kf7 33.Rc7 Be8 34.Rc4 Na1 35.Rb4 Nc2 36.Rc4 Na1
37.Rh4 Kg7 38.Rb4 Nc2 39.Rc4 Na1 40.Rc8 Kf7 41.Nf4 Nc2 42.Ne6 Nb4 43.Rb8 f4
44.Rxb6 Nd3 45.Ra6  1-0

[Event "Lyon op"]
[Site "Lyon"]
[Date "1993.??.??"]
[Round "1"]
[White "Margolin, Boris"]
[Black "Lanka, Zigurds"]
[Result "1/2-1/2"]
[WhiteElo "2345"]
[BlackElo "2545"]

1.e4 c5 2.Nf3 Nc6 3.Bb5 g6 4.c3 Nf6 5.Qe2 Bg7 6.O-O O-O 7.e5 Ne8 8.d4 cxd4
9.cxd4 Nc7 10.Ba4 d6 11.Rd1 Bg4 12.Nc3 dxe5 13.dxe5 Qc8 14.Bxc6 bxc6 15.h3 Bxf3
16.Qxf3 Ne6 17.Qe2 Qb8 18.f4 Qb4 19.g3 Rab8 20.Rb1 Kh8 21.Be3 a5 22.Ba7 Rbd8
23.Bf2 a4 24.Qe4 Rxd1+ 25.Rxd1 Qxb2 26.Qxc6 Qc2 27.h4 h6 28.Be3 g5 29.Rc1 Qg6
30.hxg5 Nxf4 31.Qxa4 Nh3+ 32.Kg2 Nxg5 33.Nd5 Qd3 34.Qc4 Qf5 35.Bxg5 Qxg5
36.Qf4 Ra8 37.Qxg5 hxg5 38.Rh1+ Kg8 39.Nxe7+ Kf8 40.Nf5 Bxe5 41.Kf3 Ra4 42.Rd1 g4+
43.Ke3 Ke8 44.Rd2 f6 45.Kf2 Kf7 46.Rc2 Ke6 47.Ne3 Re4 48.Nf1 Bd4+ 49.Kg2 Re1
50.Rd2 Ba7 51.a3 Ra1 52.Re2+ Kf5 53.Ne3+ Kg5 54.Nc2 Ra2 55.Nd4 Ra1 56.Nc2 Rg1+
57.Kh2 Rd1 58.Ne3 Rd3 59.Nf1 Rxa3 60.Kg2 Bb8 61.Rb2 Be5 62.Rf2 Ra5 63.Kh2 Ra3
64.Kg2 Kg6 65.Kh2 Kf7 66.Re2 Ke6 67.Ne3 Ra4 68.Nf1 Kd5 69.Kg2 Kd4 70.Rd2+ Kc3
71.Rf2 Re4 72.Nh2 Kd3 73.Kf1 Bd4 74.Rf4  1/2-1/2

[Event "Lyon op"]
[Site "Lyon"]
[Date "1993.??.??"]
[Round "5"]
[White "Margolin, Boris"]
[Black "Rausis, Igors"]
[Result "1/2-1/2"]
[WhiteElo "2345"]
[BlackElo "2560"]

1.e4 c5 2.Nf3 Nc6 3.Bb5 Nf6 4.Nc3 Nd4 5.Bc4 d6 6.h3 e6 7.d3 d5 8.Bb3 Nxb3
9.axb3 dxe4 10.dxe4 Qxd1+ 11.Kxd1 Be7 12.Bg5 h6 13.Bxf6 Bxf6 14.Nb5 O-O 15.e5 Bd7
16.Nc7 Rac8 17.exf6 Rxc7 18.fxg7 Ra8 19.Ne5 Be8 20.Ke2 Kxg7 21.f4 f6 22.Nc4 Bc6
23.Rhd1 h5 24.Kf2 h4 25.Rg1 Rd8 26.Rgd1 Ra8 27.Rg1 b5 28.Ne3 Rd8 29.Rgd1 Rd4
30.g3 f5 31.Rxd4 cxd4 32.Nd1 Bd5 33.c3 Bxb3 34.gxh4 Bxd1 35.Rxd1 dxc3 36.bxc3 a5
37.Rb1 Rb7 38.Ra1 a4 39.c4 bxc4 40.Rxa4 Rc7 41.Ke2 c3 42.Kd1 c2+ 43.Kc1 Rc6
44.Ra3 Kg6 45.Rb3 Kh5 46.Ra3 Kg6 47.Rb3 Kh5 48.Ra3 Kxh4 49.Re3 Rc4 50.Rf3 Kh5
51.Re3 Rc6 52.Rg3 Kh4 53.Re3 Rc4 54.Rf3 Rc7 55.Re3 Rc6 56.Rd3 Kh5 57.Rg3 Kh6
58.Re3 Kg6 59.Re2 Kh5 60.Re3 Kh6 61.Re2 Kg6 62.Rg2+ Kh5 63.Rg3  1/2-1/2

[Event "Madrid-B"]
[Site "Madrid"]
[Date "1993.??.??"]
[Round "?"]
[White "Reyes, Juan"]
[Black "Rivera, Daniel"]
[Result "0-1"]
[WhiteElo "2450"]
[BlackElo "2440"]

1.e4 c5 2.Nf3 Nc6 3.Bb5 g6 4.O-O Bg7 5.c3 Nf6 6.Re1 O-O 7.h3 a6 8.Bf1 e5
9.d3 d6 10.a3 b5 11.b4 cxb4 12.cxb4 d5 13.Nbd2 Bb7 14.Bb2 d4 15.g3 Nd7 16.Bg2 Nb6
17.Nb3 Na4 18.Bc1 a5 19.Bg5 Qd6 20.Nxa5 Nxa5 21.bxa5 Rxa5 22.Qb3 Rfa8 23.Bc1 Bc6
24.Ng5 Be8 25.f4 Nc5 26.Qb1 Ra4 27.Nf3 f6 28.fxe5 fxe5 29.Bd2 Rxa3 30.Rxa3 Rxa3
31.Bb4 Rc3 32.Ng5 h6 33.Qa2+ Kh8 34.Nf7+ Bxf7 35.Qxf7 Qe6 36.Qc7 Na6 37.Qd8+ Kh7
38.Bxc3 dxc3 39.d4 exd4 40.e5 h5 41.g4 Bxe5 42.Bd5 Qf6 43.Qg8+ Kh6 44.Rf1 Qg5
45.Rf2 d3 46.Rf7 Bd4+  0-1

[Event "Makarska"]
[Site "Makarska"]
[Date "1993.??.??"]
[Round "?"]
[White "Ljubicic, Filip"]
[Black "Gyorkos, Lajos"]
[Result "0-1"]
[WhiteElo "2335"]
[BlackElo "2435"]

1.e4 c5 2.Nf3 Nc6 3.Bb5 d6 4.O-O Bd7 5.Re1 a6 6.Bf1 Nf6 7.c3 Bg4 8.h3 Bh5
9.d4 Bxf3 10.gxf3 e5 11.d5 Ne7 12.f4 Ng6 13.f5 Ne7 14.Bg5 Nd7 15.Nd2 g6 16.fxg6 hxg6
17.Nc4 Qc7 18.a4 f6 19.Be3 Bh6 20.b4 Bxe3 21.Rxe3 Kf7 22.Rg3 Rh4 23.Rg4 Rah8
24.b5 axb5 25.axb5 Nb6 26.Ne3 Qd7 27.Qf3 f5 28.Ra7 Ke8 29.exf5 gxf5 30.Rg7 Kd8
31.Rg5 Kc7 32.Qd1 f4 33.Ng4 Nec8 34.Ra3 Qe7 35.Rf5 Qh7 36.Rg5 Rxh3 37.Bxh3 Qxh3
38.Rg7+ Kb8 39.Nh2 Qxh2+ 40.Kf1 Qh3+ 41.Ke2 f3+ 42.Kd3 Qf5+  0-1

[Event "Marostica op"]
[Site "Marostica"]
[Date "1993.??.??"]
[Round "3"]
[White "Sedina, Elena"]
[Black "Nurkic, Sahbaz"]
[Result "1-0"]
[WhiteElo "2255"]
[BlackElo "2395"]

1.e4 c5 2.Nf3 Nc6 3.Bb5 g6 4.Bxc6 dxc6 5.h3 Bg7 6.d3 Nf6 7.Nc3 O-O 8.Be3 b6
9.Qd2 Re8 10.O-O-O e5 11.g4 Qd6 12.Rdg1 Be6 13.Nh4 c4 14.Bh6 cxd3 15.Bxg7 Kxg7
16.Rg3 Qb4 17.a3 Qc5 18.Rxd3 b5 19.Nf5+ Bxf5 20.exf5 e4 21.Rd4 Kg8 22.Re1 a5
23.g5 e3 24.Rxe3 Rxe3 25.Qxe3 Ne8 26.fxg6 hxg6 27.Ne4 Qf5 28.Qg3 b4 29.a4 Rc8
30.Qg4 c5 31.Rd1 Qxg4 32.hxg4 Ng7 33.Rd7 Ne6 34.Ra7 c4 35.Rxa5 b3 36.Rb5 Kg7
37.cxb3 cxb3+ 38.Nc3 Rh8 39.Rxb3 Nxg5 40.Rb5 Nf3 41.a5 Rh1+ 42.Kc2 Re1 43.a6 Ra1
44.Rb6 Ne5 45.b4 Nc4 46.Rc6 Ne5 47.Rc5 Nxg4 48.Ra5  1-0

[Event "Martinez Valle op2"]
[Site "Martinez Valle"]
[Date "1993.??.??"]
[Round "3"]
[White "Del Castillo, Gustavo"]
[Black "Pina, V."]
[Result "1-0"]
[WhiteElo "2310"]
[BlackElo "1975"]

1.e4 c5 2.Nf3 Nc6 3.Bb5 e6 4.O-O Be7 5.Re1 d6 6.c3 Nf6 7.d4 d5 8.Ne5 Bd7
9.Nxd7 Qxd7 10.e5 Ng8 11.Qg4 g6 12.Be3 c4 13.Nd2 a6 14.Ba4 h5 15.Qg3 Nh6
16.Bxh6 Rxh6 17.h4 O-O-O 18.Nf3 Rg8 19.Ng5 Bxg5 20.Qxg5 Rh7 21.Re3 b5 22.Bc2 Qd8
23.Qf4 Ne7 24.Rg3 Nf5 25.Rg5 Rhh8 26.b4 Re8 27.a4 bxa4 28.Rxa4 Qb6 29.Ra5 Re7
30.Bxf5 exf5 31.Rxd5 Rhe8 32.Rg3 Qb7 33.Ra5 Re6 34.Re3 f6 35.Rc5+ Kd7 36.exf6 Rxe3
37.fxe3 Rc8 38.Qe5  1-0

[Event "Martinez Valle op"]
[Site "Martinez Valle"]
[Date "1993.??.??"]
[Round "7"]
[White "Madina, Martin"]
[Black "Panno, Oscar"]
[Result "1/2-1/2"]
[WhiteElo "2260"]
[BlackElo "2495"]

1.e4 c5 2.Nf3 Nc6 3.Bb5 g6 4.O-O Bg7 5.c3 Nf6 6.Re1 a6 7.Bf1 d5 8.e5 Nd7
9.d4 e6 10.Bg5 Qc7 11.Na3 h6 12.Be3 c4 13.h4 b5 14.Qd2 Rb8 15.Nc2 Nb6 16.b4 a5
17.a3 Ra8 18.Nh2 Qd8 19.g3 Ne7 20.Bf4 Bd7 21.Ng4 Ng8 22.Nh2 axb4 23.axb4 Ra4
24.Be2 Qa8 25.Ng4 Bc6 26.Reb1 h5 27.Nh2 Ne7 28.Qc1 Qb7 29.Bg5 Nf5 30.Bd1 Rxa1
31.Rxa1 Kd7 32.Ne3 Ra8 33.Nxf5 exf5 34.Nf3 Rxa1 35.Qxa1 Qa8 36.Qb2 Kc7 37.Bf4 Kb7
38.Ng5 Qe8 39.Qd2 Bd7 40.Nh7 Qh8 41.Ng5 Be6 42.Kg2 Kc6 43.Nh3 Qa8 44.Qb2 Na4
45.Qd2 Nb6 46.Qb2  1/2-1/2

[Event "Melbourne"]
[Site "Melbourne"]
[Date "1993.??.??"]
[Round "1"]
[White "Wohl, Aleksandar H"]
[Black "Hamilton, Douglas G"]
[Result "1/2-1/2"]
[WhiteElo "2360"]
[BlackElo "2300"]

1.e4 c5 2.Nf3 Nc6 3.Bb5 Qb6 4.Nc3 e6 5.O-O Nge7 6.Re1 Nd4 7.Bc4 Ng6 8.d3 Be7
9.Nxd4 cxd4 10.Ne2 O-O 11.Bb3 d6 12.Ng3 Qc5 13.f4 b5 14.Rf1 a5 15.a4 bxa4
16.Bxa4 Ra7 17.Bd2 Bd8 18.Qe1 Bd7 19.b4 axb4 20.Bxb4 Qb6 21.Bxd7 Rxd7 22.e5 Be7
23.exd6 Bxd6 24.Bxd6 Qxd6  1/2-1/2

[Event "BLR-ch"]
[Site "Minsk"]
[Date "1993.??.??"]
[Round "?"]
[White "Berezjuk, Sergej"]
[Black "Dydyshko, Viacheslav"]
[Result "1/2-1/2"]
[WhiteElo "2435"]
[BlackElo "2490"]

1.e4 c5 2.Nf3 Nc6 3.Bb5 g6 4.Bxc6 bxc6 5.O-O Bg7 6.Re1 f6 7.c3 Nh6 8.d4 cxd4
9.cxd4 O-O 10.Nc3 Rb8 11.Bf4 d6 12.b3 Nf7 13.Rc1 g5 14.Be3 h6 15.Qc2 Bd7
16.Ne2 d5 17.Ng3 e6 18.Nh5 Nh8 19.Nd2 Be8 20.Nxg7 Kxg7 21.Nf1 Ng6 22.Bd2 Qb6
23.exd5 cxd5 24.Ng3 Nh4 25.Qc7+ Qxc7 26.Rxc7+ Rf7  1/2-1/2

[Event "Minsk-B"]
[Site "Minsk"]
[Date "1993.??.??"]
[Round "3"]
[White "Kalegin, Evgenij"]
[Black "Botvinnik, Ilia"]
[Result "1/2-1/2"]
[WhiteElo "2355"]
[BlackElo "2395"]

1.e4 c5 2.Nf3 Nc6 3.Bb5 e6 4.O-O Nge7 5.Nc3 a6 6.Bxc6 Nxc6 7.d4 cxd4 8.Nxd4 d6
9.Nxc6 bxc6 10.Qg4 Qf6 11.Rd1 e5 12.Qe2 Be7 13.Na4 Bb7 14.c4 O-O 15.b3 Qe6
16.Bb2 f6 17.Rac1 Rad8 18.Nb6 Rfe8 19.h3 Bf8 20.Qg4 Qf7 21.c5 Qc7 22.Bc3 dxc5
23.Ba5 Rd4 24.Nd7 Qd6 25.Nxf8 Rxf8 26.Bb6 Rf7 27.Bxc5 Rxd1+ 28.Qxd1 Qc7 29.Qe2 Rd7
30.Qc4+ Kh8 31.Kh2 h6 32.Rc3 Rd8 33.Rg3 Bc8 34.Qb4 Rd7  1/2-1/2

[Event "Minsk op"]
[Site "Minsk"]
[Date "1993.??.??"]
[Round "7"]
[White "Dmitriev, Igor"]
[Black "Eidelson, Rakhil"]
[Result "1-0"]
[WhiteElo "2280"]
[BlackElo "2220"]

1.e4 c5 2.Nf3 Nc6 3.Bb5 e6 4.b3 Nge7 5.Bb2 a6 6.Bxc6 Nxc6 7.O-O Qc7 8.c4 b6
9.Re1 Bb7 10.Nc3 f6 11.d3 Bd6 12.Ne2 O-O-O 13.a3 Rdf8 14.d4 cxd4 15.Nexd4 g5
16.Nxc6 dxc6 17.e5 fxe5 18.c5 bxc5 19.Bxe5 Bxe5 20.Nxe5 Rf5 21.Nc4 Rd8 22.Qe2 Kb8
23.Qxe6 Rfd5 24.Qf6 g4 25.Rac1 Bc8 26.Qh6 Rg8 27.Re3 Rgd8 28.Rce1 Rd1 29.g3 R8d3
30.Qf8 Rd5 31.Re8 Rxe1+ 32.Rxe1 Qd8 33.Qf4+ Ka7 34.Qe3 Kb8 35.Qc1 Qf6 36.Ne3 Re5
37.Qc3 Qe7 38.Rc1 Bb7 39.Nxg4 Re2 40.Ne3 Qf7 41.Rf1 Qh5 42.a4 Bc8 43.Qa5 Qf3
44.Qb6+ Ka8 45.Qd8 Kb8 46.Nc4 Qd5 47.Nd6  1-0

[Event "Miraflores"]
[Site "Miraflores"]
[Date "1993.??.??"]
[Round "6"]
[White "Celis Sanchez, Carlos"]
[Black "Roselli Mailhe, Bernardo"]
[Result "0-1"]
[WhiteElo "2395"]
[BlackElo "2340"]

1.e4 c5 2.Nf3 Nc6 3.Bb5 g6 4.O-O Bg7 5.c3 Nf6 6.e5 Nd5 7.d4 cxd4 8.cxd4 Nc7
9.a4 a6 10.Bxc6 dxc6 11.Nc3 O-O 12.h3 a5 13.Bg5 Be6 14.Re1 Re8 15.Ne4 Qc8
16.Qd2 Bd5 17.Bh6 Ne6 18.Rac1 Qd7 19.Bxg7 Kxg7 20.Nh2 Rad8 21.Ng4 Bxe4 22.Qh6+ Kg8
23.Rxe4 Nxd4 24.Ne3 Nf5 25.Nxf5 Qxf5 26.Rce1 Rd1 27.e6 Rxe1+ 28.Rxe1 fxe6
29.Qe3 Rd8 30.g4 Qd5 31.Kh2 Rd6 32.Kg3 Qd3 33.Qxd3 Rxd3+ 34.Kf4 Kf7 35.h4 Rd4+
36.Kg5 Kg7 37.h5 h6+ 38.Kh4 g5+ 39.Kg3 Kf6 40.b3 Rd3+ 41.Re3 Rxe3+ 42.fxe3 Ke5
43.Kf3 b5 44.Kf2 Ke4 45.Ke2 bxa4 46.bxa4 e5 47.Kd2 Kf3 48.Kd3 Kxg4  0-1

[Event "Mlada Boleslav op"]
[Site "Mlada Boleslav"]
[Date "1993.??.??"]
[Round "?"]
[White "Dmitriev, Igor"]
[Black "Horak, Michal"]
[Result "1-0"]
[WhiteElo "2405"]
[BlackElo "2310"]

1.e4 c5 2.Nf3 Nc6 3.Bb5 g6 4.Bxc6 dxc6 5.h3 Bg7 6.d3 Nf6 7.a4 O-O 8.a5 h6
9.Nbd2 Be6 10.Qe2 Qc7 11.g4 Nd7 12.Nf1 Rad8 13.Ne3 Ne5 14.Nd2 Nd7 15.Ng2 f6
16.f4 Bf7 17.h4 b5 18.Nf3 Rfe8 19.h5 g5 20.O-O Be6 21.Nfe1 Nf8 22.Be3 c4
23.d4 Qd7 24.f5 Bf7 25.Nf3 e6 26.Nd2 exf5 27.gxf5 Nh7 28.Qg4 Kh8 29.c3 Re7
30.Rf3 Qe8 31.Rh3 b4 32.Bf2 bxc3 33.bxc3 Rb8 34.Ne3 Rb2 35.Nexc4 Bxc4 36.Nxc4 Rxe4
37.Qg2 g4 38.Rg3 Ng5 39.Nxb2 Qxh5 40.Qh1 Qe8 41.Nd3  1-0

[Event "Mlada Boleslav op"]
[Site "Mlada Boleslav"]
[Date "1993.??.??"]
[Round "?"]
[White "Dmitriev, Igor"]
[Black "Hlavac, Frantisek"]
[Result "1-0"]
[WhiteElo "2405"]
[BlackElo "2245"]

1.e4 c5 2.Nf3 Nc6 3.Bb5 g6 4.Bxc6 dxc6 5.h3 Bg7 6.d3 Nf6 7.a4 a5 8.Nc3 b6
9.Be3 O-O 10.Qc1 Re8 11.Nd2 Nd7 12.f4 Nf8 13.Nf3 Ne6 14.Ne2 Nd4 15.Nexd4 cxd4
16.Bf2 f5 17.exf5 Bxf5 18.O-O Qd5 19.Bg3 c5 20.b3 Bd7 21.Qe1 Bc6 22.Rf2 e5
23.Nxe5 g5 24.Re2 gxf4 25.Nxc6 Qxc6 26.Bxf4 Rxe2 27.Qxe2 Re8 28.Qh5 Re6 29.Rf1 Qd7
30.Bg5 Re5 31.Qf3 Qe8 32.Bh4 Re2 33.Rf2 Re1+ 34.Kh2 h6 35.Qd5+ Kh7 36.Rf7 Re6
37.Qd7 Qxd7 38.Rxd7 Kg6 39.Re7 Be5+ 40.Kg1 Rxe7 41.Bxe7 Bc7 42.Kf2 Kf5 43.Kf3 Ke6
44.Bf8 h5 45.Ke4 Bg3 46.Bh6 Bh4 47.Kf4 Be1 48.Kg5 h4 49.Kg4 Kd5 50.Bf4 c4
51.Bg5  1-0

[Event "Amber-rapid 2nd"]
[Site "Monte Carlo"]
[Date "1993.??.??"]
[Round "10"]
[White "Anand, Viswanathan"]
[Black "Christiansen, Larry Mark"]
[Result "1-0"]
[WhiteElo "2710"]
[BlackElo "2620"]

1.e4 c5 2.Nf3 Nc6 3.Bb5 e6 4.Bxc6 bxc6 5.d3 Ne7 6.Nbd2 Ng6 7.h4 h5 8.Nc4 d6
9.Bd2 e5 10.Ne3 Nf4 11.g3 Ne6 12.Ng5 f6 13.Nxe6 Bxe6 14.c4 g6 15.Qc2 a5 16.O-O-O Rh7
17.Kb1 a4 18.f4 Rb7 19.Bc3 Bh6 20.Rhf1 Ra6 21.Ka1 Raa7 22.Rf2 Kd7 23.Qe2 Kc8
24.Rdf1 Qg8 25.Rf3 a3 26.b3 Bh3 27.Rh1 Be6 28.Rff1 Re7 29.Kb1 Rab7 30.Kc2 Bf7
31.Rhg1 Qe8 32.fxe5 fxe5 33.g4 hxg4 34.Nxg4 Bf4 35.Bd2 Qh8 36.Bc3 Qh5 37.Qf2 Be6
38.Nf6 Qh6 39.Bd2 Bxd2 40.Qxd2 Qxd2+ 41.Kxd2 Rf7 42.Rxg6 Rf8 43.h5 Rbf7 44.h6 Kd8
45.Rh1 Ke7 46.h7 Rh8 47.Rhh6 Rff8 48.Kc3 Bf7 49.Rg7 Rd8 50.Nh5 Kf8 51.Rf6 Rd7
52.Rf5 Re7 53.Rf3 Rb7 54.Rfg3 Rb8 55.Nf6 Ke7 56.Ng4 Rbf8 57.Nh6 Kf6 58.Ng8+ Ke6
59.R3g6+ Kd7 60.Nh6 Ke7 61.Nf5+  1-0

[Event "Montpellier"]
[Site "Montpellier"]
[Date "1993.??.??"]
[Round "?"]
[White "Degraeve, Jean Marc"]
[Black "Hamdouchi, Hichem"]
[Result "0-1"]
[WhiteElo "2465"]
[BlackElo "2455"]

1.e4 c5 2.Nf3 Nc6 3.Bb5 e6 4.Bxc6 bxc6 5.O-O d5 6.d3 Nf6 7.e5 Nd7 8.b3 Be7
9.Qe2 O-O 10.Bb2 a5 11.a4 Ba6 12.c4 Bc8 13.Nbd2 Nb8 14.Rfd1 Na6 15.Rab1 Ra7
16.Nf1 Rd7 17.Ng3 g6 18.Nf1 Nb4 19.Ne3 h5 20.Nc2 Qc7 21.Nce1 Rfd8 22.Qe3 Ba6
23.Rd2 Bf8 24.Rbd1 Bg7 25.h4 Bf8 26.Ng5 Qb6 27.Bc1 Bc8 28.Qf4 Bg7 29.Nef3 Qc7
30.Qe3 Na6 31.Re1 Qb8 32.Rb2 Rb7 33.g4 hxg4 34.Nh2 dxc4 35.dxc4 Rd4 36.Qg3 Nb4
37.Rd2 Rbd7 38.Rxd4 Rxd4 39.Nxg4 Nd3 40.Rd1 Qxb3 41.Qf3 Rd7 42.Rf1 Qxc4 43.Ne4 Nxc1
44.Ngf6+ Bxf6 45.Nxf6+ Kg7 46.Nxd7 Ne2+ 47.Kg2 Nf4+ 48.Kg1 Ne2+ 49.Kg2 Nf4+
50.Kg1 Bxd7 51.Rd1 Bc8 52.Rd8 Ba6 53.Ra8 Qc1+ 54.Kh2 Bc4 55.Qe3 Qxe3 56.fxe3 Nd3
57.Rxa5 Bd5  0-1